[Event "Sardinia World Festival-A 2024"]
[Site "Orosei"]
[Date "2024.05.02"]
[Round "7.31"]
[White "Fiedorek, Michal"]
[Black "Kochavi, Ori"]
[Result "1-0"]
[WhiteElo "2310"]
[BlackElo "2406"]
[Annotator "TA"]
[PlyCount "68"]
[EventDate "2024.04.26"]
[EventType "swiss"]
[EventCountry "ITA"]
[SourceTitle "playchess.com"]
[Source "ChessBase"]
[SourceQuality "1"]

1. e4 e5 2. Nc3 Nf6 3. d4 exd4 4. Qxd4 Nc6 5. Qd3 Bb4 6. Bd2 O-O 7. O-O-O Re8 8. Nge2 Ne5 9. Qg3 Nh5 10. Qe3 Nc4 11. Qd4 Nxd2 12. Qxb4 Nxf1 13. Rhxf1 d6 14. Qd4 Bd7 15. h3 Bc6 16. g4 Nf6 17. Ng3 Nd7 18. f4 Qf6 19. Qd2 Nc5 20. Rfe1 Rad8 21. Kb1 b5 22. g5 Qe6 23. Qd4 Qxh3 24. Qf2 b4 25. Rh1 Qg4 26. Qh2 h6 27. Nh5 bxc3 28. Nf6+ gxf6 29. Qxh6 Qxd1+ 30. Rxd1 Bxe4 31. gxf6 Bxc2+ 32. Kxc2 Re2+ 33. Kxc3 Rg2 34. Rh1 Ne4+ 1-0

[Event "Sardinia World Festival-A 2024"]
[Site "Orosei"]
[Date "2024.05.02"]
[Round "7.32"]
[White "Di Benedetto, Edoardo"]
[Black "Krishnan, Ritvik"]
[Result "1/2-1/2"]
[WhiteElo "2400"]
[BlackElo "2277"]
[Annotator "TA"]
[PlyCount "89"]
[EventDate "2024.04.26"]
[EventType "swiss"]
[EventCountry "ITA"]
[SourceTitle "playchess.com"]
[Source "ChessBase"]
[SourceQuality "1"]

1. d4 Nf6 2. c4 e6 3. Nf3 d5 4. Nc3 Bb4 5. Bg5 h6 6. Bxf6 Qxf6 7. e3 O-O 8. Rc1 dxc4 9. Bxc4 c5 10. dxc5 Nd7 11. c6 bxc6 12. O-O Ne5 13. Be2 Rb8 14. Qa4 a5 15. Nd4 c5 16. Ne4 Qe7 17. Nf3 Nxf3+ 18. Bxf3 Ba6 19. Rfd1 Bb5 20. Qc2 c4 21. a3 Bc5 22. Nxc5 Qxc5 23. Qc3 Ba6 24. Be2 Qf5 25. Rd6 Rb3 26. Qe1 Bb5 27. Rd2 Qe5 28. Rdc2 c3 29. Rxc3 Rxb2 30. Rc5 Qb8 31. Bd1 Qb6 32. a4 Bd3 33. Qxa5 Qxa5 34. Rxa5 Rfb8 35. Rac5 Kh7 36. R5c3 Bg6 37. Ra3 Rd2 38. a5 Be4 39. Ra4 f5 40. Rd4 Ra2 41. Rd7 Rxa5 42. Rcc7 Ra1 43. f3 Bd5 44. Rxg7+ Kh8 45. Rh7+ 1/2-1/2

[Event "Sardinia World Festival-A 2024"]
[Site "Orosei"]
[Date "2024.05.02"]
[Round "7.33"]
[White "Shohat, Yotam"]
[Black "Yilmaz, Baver"]
[Result "1-0"]
[WhiteElo "2398"]
[BlackElo "2277"]
[Annotator "TA"]
[PlyCount "75"]
[EventDate "2024.04.26"]
[EventType "swiss"]
[EventCountry "ITA"]
[SourceTitle "playchess.com"]
[Source "ChessBase"]
[SourceQuality "1"]

1. e4 c5 2. Nf3 e6 3. d3 Nc6 4. g3 d5 5. Qe2 Nf6 6. Bg2 Be7 7. O-O O-O 8. e5 Nd7 9. c4 dxc4 10. dxc4 Qc7 11. Bf4 b6 12. Nc3 Ba6 13. Nb5 Bxb5 14. cxb5 Nb4 15. Ne1 Rae8 16. a3 Nd5 17. Bxd5 exd5 18. e6 Bd6 19. e7 Bxf4 20. gxf4 Qxf4 21. Ng2 Qg5 22. Rae1 Nf6 23. Qe5 Qd2 24. exf8=Q+ Rxf8 25. Qc3 Qh6 26. f3 d4 27. Qc1 Qg6 28. Kh1 Qd3 29. Qg5 h6 30. Qg3 Qxb5 31. Nf4 Kh8 32. Rg1 Rg8 33. Re5 d3 34. Rf5 Ne8 35. Rxf7 d2 36. Ng6+ Kh7 37. Nf8+ Kh8 38. Qg6 1-0

[Event "Sardinia World Festival-A 2024"]
[Site "Orosei"]
[Date "2024.05.02"]
[Round "7.34"]
[White "Kairbekova, Amina"]
[Black "Zemach, Nadav"]
[Result "0-1"]
[WhiteElo "2204"]
[BlackElo "2396"]
[Annotator "TA"]
[PlyCount "114"]
[EventDate "2024.04.26"]
[EventType "swiss"]
[EventCountry "ITA"]
[SourceTitle "playchess.com"]
[Source "ChessBase"]
[SourceQuality "1"]

1. e4 c5 2. Nf3 e6 3. d4 cxd4 4. Nxd4 Nc6 5. Nc3 Qc7 6. Be3 a6 7. Qd2 Nf6 8. f4 d5 9. e5 Nd7 10. Bd3 b5 11. Nxc6 Qxc6 12. Ne2 Bb7 13. Nd4 Qc7 14. Qf2 Be7 15. O-O g6 16. Qg3 Nc5 17. Qh3 O-O-O 18. Qg4 Kb8 19. Qe2 Rhg8 20. a4 b4 21. a5 Ka8 22. Bf2 Rc8 23. Nb3 Qc6 24. Nd4 Qd7 25. Nb3 Nxd3 26. cxd3 d4 27. Nxd4 Qd5 28. Nf3 g5 29. fxg5 Bxg5 30. Kh1 b3 31. Qe4 Qxe4 32. dxe4 Bxe4 33. Ra4 Bd5 34. Rg4 Be7 35. Rxg8 Rxg8 36. Bd4 Bb4 37. h3 Rc8 38. Kh2 Rc2 39. Kg3 Bxa5 40. Ra1 Bc7 41. Rxa6+ Kb7 42. Ra7+ Kb8 43. Ra3 Kc8 44. Ra7 h6 45. h4 h5 46. Kh3 Re2 47. Ng5 Rd2 48. Ra4 Bxg2+ 49. Kg3 Bc6 50. Rc4 Bd5 51. Nf3 Rd1 52. Rc3 Kd7 53. Bf2 Rb1 54. Bd4 Rd1 55. Bf2 Ba5 56. Rc5 Bb4 57. Rxd5+ Rxd5 0-1

[Event "Sardinia World Festival-A 2024"]
[Site "Orosei"]
[Date "2024.05.02"]
[Round "7.35"]
[White "Derakhshani, Borna"]
[Black "Krivenko, Dion"]
[Result "1-0"]
[WhiteElo "2355"]
[BlackElo "2254"]
[Annotator "TA"]
[PlyCount "77"]
[EventDate "2024.04.26"]
[EventType "swiss"]
[EventCountry "ITA"]
[SourceTitle "playchess.com"]
[Source "ChessBase"]
[SourceQuality "1"]

1. e4 c5 2. Nf3 e6 3. d4 cxd4 4. Nxd4 Nf6 5. Nc3 Nc6 6. Nxc6 bxc6 7. e5 Nd5 8. Ne4 Qc7 9. f4 Qb6 10. c4 Bb4+ 11. Ke2 f5 12. Nf2 Ba6 13. Kf3 Ne7 14. Be3 Bc5 15. Bxc5 Qxc5 16. Qd6 Qb6 17. Be2 c5 18. Kg3 Bb7 19. Rhd1 Bc6 20. Nd3 Qd8 21. h3 g5 22. Kh2 Ng6 23. Nxc5 Qe7 24. Bf3 Qxd6 25. Rxd6 Bxf3 26. gxf3 gxf4 27. Nxd7 Kf7 28. c5 Rac8 29. b4 Nh4 30. Rd3 Rhd8 31. Rad1 Rc7 32. b5 Rg8 33. Rg1 Rd8 34. c6 a6 35. a4 axb5 36. axb5 Ra7 37. b6 Ra2+ 38. Kh1 Rc2 39. b7 1-0

[Event "Sardinia World Festival-A 2024"]
[Site "Orosei"]
[Date "2024.05.02"]
[Round "7.36"]
[White "Andreev, Konstantin"]
[Black "Stoyanov, Tsvetan"]
[Result "1/2-1/2"]
[WhiteElo "2244"]
[BlackElo "2473"]
[Annotator "TA"]
[PlyCount "82"]
[EventDate "2024.04.26"]
[EventType "swiss"]
[EventCountry "ITA"]
[SourceTitle "playchess.com"]
[Source "ChessBase"]
[SourceQuality "1"]

1. e4 c5 2. Nf3 d6 3. d4 cxd4 4. Nxd4 Nf6 5. Nc3 a6 6. h4 e5 7. Nb3 Be6 8. f4 g6 9. Be2 Nc6 10. g4 exf4 11. g5 f3 12. Bxf3 Nd7 13. Bf4 h6 14. Qd2 hxg5 15. Bxg5 Be7 16. O-O-O Nce5 17. Be2 Bxg5 18. hxg5 Rxh1 19. Rxh1 Qb6 20. Rd1 O-O-O 21. Qxd6 Qxd6 22. Rxd6 Nf8 23. Rxd8+ Kxd8 24. Nc5 Kc8 25. Kd2 Nh7 26. Nxe6 fxe6 27. Ke3 Nxg5 28. Na4 Kc7 29. Nc5 Nd7 30. Nd3 Kd6 31. c4 a5 32. a3 Nf7 33. b4 axb4 34. axb4 b6 35. Kd4 e5+ 36. Ke3 Ng5 37. Bd1 Nf6 38. c5+ bxc5 39. bxc5+ Kc7 40. Nxe5 Ngxe4 41. Nxg6 Nxc5 1/2-1/2

[Event "Sardinia World Festival-A 2024"]
[Site "Orosei"]
[Date "2024.05.02"]
[Round "7.37"]
[White "Loftgaard, Mikkel Vinh"]
[Black "Olsen, Filip Boe"]
[Result "1/2-1/2"]
[WhiteElo "2227"]
[BlackElo "2440"]
[Annotator "TA"]
[PlyCount "64"]
[EventDate "2024.04.26"]
[EventType "swiss"]
[EventCountry "ITA"]
[SourceTitle "playchess.com"]
[Source "ChessBase"]
[SourceQuality "1"]

1. e4 c6 2. d4 d5 3. exd5 cxd5 4. c4 Nf6 5. Nc3 Nc6 6. Nf3 a6 7. cxd5 Nxd5 8. Qb3 Nxc3 9. bxc3 e6 10. Bd3 Be7 11. Qc2 b5 12. a4 b4 13. O-O Bb7 14. Be4 Rc8 15. d5 exd5 16. Bf5 Rc7 17. Bf4 Bd6 18. Bxd6 Qxd6 19. cxb4 Nxb4 20. Rfe1+ Re7 21. Rxe7+ Qxe7 22. Qd2 O-O 23. a5 Bc8 24. Re1 Qd6 25. Nd4 g6 26. Rb1 Nc6 27. Rb6 Bxf5 28. Rxc6 Qb8 29. Rb6 Qc8 30. Rc6 Qb8 31. Rb6 Qc8 32. Rc6 Qb8 1/2-1/2

[Event "Sardinia World Festival-A 2024"]
[Site "Orosei"]
[Date "2024.05.02"]
[Round "7.38"]
[White "Shvedova, Alexandra"]
[Black "Favaloro, Andrea"]
[Result "0-1"]
[WhiteElo "2203"]
[BlackElo "2412"]
[Annotator "TA"]
[PlyCount "80"]
[EventDate "2024.04.26"]
[EventType "swiss"]
[EventCountry "ITA"]
[SourceTitle "playchess.com"]
[Source "ChessBase"]
[SourceQuality "1"]

1. d4 Nf6 2. c4 b6 3. Nc3 Bb7 4. d5 e6 5. e4 Bb4 6. Bd3 b5 7. Bg5 bxc4 8. Bxc4 exd5 9. exd5 Qe7+ 10. Nge2 Bxc3+ 11. bxc3 Qe4 12. Bxf6 Qxc4 13. Bxg7 Rg8 14. Qd4 Qxd5 15. Nf4 Qxd4 16. Bxd4 Nc6 17. Bf6 d6 18. O-O-O Kd7 19. Rhe1 Rae8 20. f3 Ba6 21. g4 Bc4 22. Kb2 Rxe1 23. Rxe1 Rb8+ 24. Ka1 Re8 25. Rxe8 Kxe8 26. Nh3 Ne5 27. Ng5 h6 28. Bxe5 dxe5 29. Ne4 Be2 30. Nd2 Ke7 31. Kb2 Kf6 32. Ne4+ Kg6 33. h3 Bxf3 34. Nd2 Bg2 35. h4 h5 36. g5 Kf5 37. Nc4 Kf4 38. Kc2 Bd5 39. Nd2 Kg4 40. c4 Bg2 0-1

[Event "Sardinia World Festival-A 2024"]
[Site "Orosei"]
[Date "2024.05.02"]
[Round "7.39"]
[White "Iliaguev, Daniel"]
[Black "Savitha Shri B"]
[Result "0-1"]
[WhiteElo "2177"]
[BlackElo "2363"]
[Annotator "TA"]
[PlyCount "82"]
[EventDate "2024.04.26"]
[EventType "swiss"]
[EventCountry "ITA"]
[SourceTitle "playchess.com"]
[Source "ChessBase"]
[SourceQuality "1"]

1. d4 Nf6 2. Nf3 g6 3. Nc3 d5 4. Bf4 Bg7 5. e3 c6 6. h3 b5 7. Bd3 O-O 8. a3 a5 9. O-O Nbd7 10. Re1 Ba6 11. Qe2 Qb6 12. b4 Bb7 13. Qd2 Rfe8 14. g4 h5 15. g5 Nh7 16. h4 e5 17. dxe5 Nxe5 18. Nxe5 Bxe5 19. Bxe5 Rxe5 20. Ne2 Qc7 21. Nf4 Qd7 22. Qe2 Nf8 23. Qf3 Rae8 24. Bf1 Qc7 25. Qg3 Qd8 26. Bh3 Re4 27. Red1 Bc8 28. Bg2 Rc4 29. Bf1 Rxc2 30. Bd3 Rb2 31. Rab1 Rxb1 32. Bxb1 axb4 33. axb4 Qe7 34. Rd4 Qe5 35. Kg2 Bf5 36. Bxf5 Qxf5 37. Qf3 Ra8 38. Rd2 Qb1 39. Nd3 Ra1 40. Kg3 Nd7 41. Qf4 Qh1 0-1

[Event "Sardinia World Festival-A 2024"]
[Site "Orosei"]
[Date "2024.05.02"]
[Round "7.40"]
[White "Carlo, Emanuele"]
[Black "Deveci, Huseyin Said"]
[Result "1-0"]
[WhiteElo "2363"]
[BlackElo "2255"]
[Annotator "TA"]
[PlyCount "89"]
[EventDate "2024.04.26"]
[EventType "swiss"]
[EventCountry "ITA"]
[SourceTitle "playchess.com"]
[Source "ChessBase"]
[SourceQuality "1"]

1. e4 e5 2. Nf3 Nc6 3. Bc4 Nf6 4. d3 Bc5 5. O-O d6 6. c3 a6 7. Nbd2 Ba7 8. Bb3 O-O 9. h3 h6 10. Re1 Re8 11. Nf1 Be6 12. Bc2 d5 13. exd5 Qxd5 14. Ng3 Rad8 15. Nh4 Qd7 16. Qf3 Nh7 17. Nhf5 Ne7 18. Nxe7+ Rxe7 19. Qxb7 Bb6 20. Qf3 Bd5 21. Qf5 Qc6 22. Qg4 Qf6 23. Be3 g6 24. Ne4 Qc6 25. Ba4 Qa8 26. Bxh6 Re6 27. Qh4 Rde8 28. Bxe8 Qxe8 29. Be3 g5 30. Qg4 Qf8 31. Qf5 Qh6 32. a4 a5 33. b4 Qg7 34. Rab1 axb4 35. Rxb4 Rg6 36. Bxb6 Be6 37. Qf3 cxb6 38. Rxb6 g4 39. hxg4 Bxg4 40. Rxg6 Qxg6 41. Qg3 f5 42. f3 fxe4 43. Qxg4 Ng5 44. fxe4 Kh8 45. Rb1 1-0

[Event "Sardinia World Festival-A 2024"]
[Site "Orosei"]
[Date "2024.05.02"]
[Round "7.41"]
[White "Kaczmarek, Aleksander"]
[Black "Kurmangaliyeva, Liya"]
[Result "1-0"]
[WhiteElo "2362"]
[BlackElo "2230"]
[Annotator "TA"]
[PlyCount "123"]
[EventDate "2024.04.26"]
[EventType "swiss"]
[EventCountry "ITA"]
[SourceTitle "playchess.com"]
[Source "ChessBase"]
[SourceQuality "1"]

1. e4 e5 2. d4 exd4 3. Qxd4 Nc6 4. Qd3 d5 5. Nc3 d4 6. Nd5 Nf6 7. Bg5 Nb4 8. Qe2 c6 9. Bxf6 gxf6 10. Nxb4 Bxb4+ 11. Kd1 Be6 12. f4 Qb6 13. Qf3 f5 14. Bd3 fxe4 15. Qxe4 O-O-O 16. Nf3 Bd5 17. Qf5+ Kb8 18. Ke2 Qc7 19. Kf2 Be6 20. Qf6 h5 21. g3 h4 22. Rad1 Be7 23. Qe5 Bd6 24. Qf6 Be7 25. Qe5 Bd6 26. Qf6 Rh5 27. Rhe1 Rg8 28. Rxe6 fxe6 29. Qxe6 hxg3+ 30. hxg3 Rgh8 31. Rg1 a6 32. b3 Rf8 33. Qe4 c5 34. Qg6 Rhh8 35. Bc4 Ka7 36. f5 Rh3 37. f6 Be5 38. f7 d3 39. cxd3 Rfh8 40. Rg2 Qd8 41. Qe4 Bc3 42. a4 Rh1 43. g4 Rb1 44. Kg3 Qd6+ 45. Kf2 Qh6 46. g5 Qh1 47. d4 cxd4 48. g6 Rb2+ 49. Be2 d3 50. Qxd3 Bg7 51. Qe3+ Ka8 52. a5 Ra2 53. b4 Rf8 54. b5 axb5 55. Rg1 Qh3 56. Qe8+ Ka7 57. Qxb5 Qc8 58. Rd1 Bc3 59. Qb6+ Ka8 60. a6 bxa6 61. Nd2 Rxd2 62. Rxd2 1-0

[Event "Sardinia World Festival-A 2024"]
[Site "Orosei"]
[Date "2024.05.02"]
[Round "7.42"]
[White "Vagman, Roy"]
[Black "Lacan Rus, David"]
[Result "1-0"]
[WhiteElo "2357"]
[BlackElo "2214"]
[Annotator "TA"]
[PlyCount "105"]
[EventDate "2024.04.26"]
[EventType "swiss"]
[EventCountry "ITA"]
[SourceTitle "playchess.com"]
[Source "ChessBase"]
[SourceQuality "1"]

1. e4 c5 2. Nf3 Nc6 3. Bb5 g6 4. Bxc6 bxc6 5. O-O Bg7 6. Re1 Qc7 7. d3 d6 8. e5 dxe5 9. Nbd2 Nh6 10. Nc4 f6 11. Be3 Be6 12. Nfd2 O-O 13. Bxc5 Nf5 14. Qe2 Bd5 15. c3 Rab8 16. b4 Nd6 17. Na5 f5 18. f3 Bf6 19. a4 Kh8 20. Qf2 a6 21. Rac1 g5 22. Ba7 Rbe8 23. Bb6 Qd7 24. c4 Bf7 25. Bc5 Rg8 26. d4 exd4 27. Bxd4 e5 28. Bc3 Nb7 29. Qa7 Re7 30. Qxa6 Nxa5 31. Qxa5 Qd3 32. Qc5 Rge8 33. a5 Bg7 34. Re3 Qd7 35. Rce1 g4 36. f4 Re6 37. fxe5 f4 38. Re4 Bh6 39. Rd4 Qc8 40. Ne4 Bf8 41. Nd6 Bxd6 42. Rxd6 f3 43. g3 Kg8 44. Kf2 Qb7 45. Qd4 h5 46. Rd7 Qc8 47. Qa7 Rf8 48. Re4 Bg6 49. Rg7+ Kh8 50. Rxg6 Rxg6 51. e6+ Kg8 52. Qd4 Kh7 53. Re5 1-0

[Event "Sardinia World Festival-A 2024"]
[Site "Orosei"]
[Date "2024.05.02"]
[Round "7.43"]
[White "Saine, Zachary"]
[Black "George Samir, David"]
[Result "0-1"]
[WhiteElo "2032"]
[BlackElo "2142"]
[Annotator "NA RC"]
[PlyCount "88"]
[EventDate "2024.04.26"]
[EventType "swiss"]
[EventCountry "ITA"]
[SourceTitle "playchess.com"]
[Source "ChessBase"]
[SourceQuality "1"]

1. e4 c5 2. Nf3 d6 3. d4 cxd4 4. Nxd4 Nf6 5. Nc3 a6 6. f3 e5 7. Nb3 Be6 8. Be3 h5 9. Nd5 Bxd5 10. exd5 Nbd7 11. Qd2 Rc8 12. c4 g6 13. Bd3 Bg7 14. O-O O-O 15. Na5 Qc7 16. Rac1 Rfe8 17. b4 e4 18. fxe4 Nxe4 19. Bxe4 Rxe4 20. Rf4 Nf6 21. Rxe4 Nxe4 22. Qd3 Re8 23. Nb3 Qe7 24. Nd2 Nc3 25. Re1 Nxa2 26. Nf3 Nxb4 27. Qd2 a5 28. Bc5 Qd8 29. Rxe8+ Qxe8 30. Bxd6 Qe4 31. Bxb4 Qb1+ 32. Qe1 Qxb4 33. Qe8+ Bf8 34. h4 Qxc4 35. Qd7 Qc5+ 36. Kh1 Bd6 37. Qxb7 Qc1+ 38. Ng1 Bc5 39. Qb8+ Kh7 40. Qh2 Qxg1+ 41. Qxg1 Bxg1 42. Kxg1 Kg7 43. Kf2 Kf6 44. Ke3 Ke5 0-1

[Event "Sardinia World Festival-A 2024"]
[Site "Orosei"]
[Date "2024.05.02"]
[Round "7.44"]
[White "Joel Paul Ganta"]
[Black "Natoli, Alessia"]
[Result "1/2-1/2"]
[WhiteElo "1969"]
[BlackElo "1917"]
[Annotator "NA RC"]
[PlyCount "101"]
[EventDate "2024.04.26"]
[EventType "swiss"]
[EventCountry "ITA"]
[SourceTitle "playchess.com"]
[Source "ChessBase"]
[SourceQuality "1"]

1. d4 d5 2. c4 dxc4 3. Nf3 Nf6 4. e3 e6 5. Bxc4 c5 6. O-O a6 7. a4 Nc6 8. dxc5 Bxc5 9. Qxd8+ Kxd8 10. Nbd2 Ke7 11. b3 Rd8 12. Bb2 e5 13. Rfd1 Bb4 14. Be2 Bf5 15. Rac1 Bd3 16. Kf1 Bxd2 17. Rxd2 Bxe2+ 18. Kxe2 Rxd2+ 19. Nxd2 Ke6 20. Nf3 Ne4 21. g4 f6 22. Ne1 h5 23. gxh5 Rh8 24. Rc4 f5 25. Nf3 Rxh5 26. h4 g5 27. hxg5 Nxg5 28. Ne1 Ne4 29. Nd3 Rh1 30. b4 Kd5 31. Rc2 b5 32. axb5 axb5 33. Bc1 f4 34. Kf3 Rd1 35. Rxc6 Rxd3 36. Rb6 Nd6 37. Ke2 Rc3 38. Bd2 Rc2 39. Rb8 fxe3 40. fxe3 Ne4 41. Rd8+ Kc4 42. Rc8+ Kb3 43. Rxc2 Kxc2 44. Be1 Nc3+ 45. Kf3 Kb3 46. e4 Kxb4 47. Bg3 Kc4 48. Bxe5 b4 49. Bd6 b3 50. Ba3 Nxe4 51. Kxe4 1/2-1/2

[Event "Sardinia World Festival-A 2024"]
[Site "Orosei"]
[Date "2024.05.02"]
[Round "7.45"]
[White "Wang, Shanshan"]
[Black "Knors, Rudi"]
[Result "0-1"]
[WhiteElo "1966"]
[BlackElo "1992"]
[Annotator "NA RC"]
[PlyCount "102"]
[EventDate "2024.04.26"]
[EventType "swiss"]
[EventCountry "ITA"]
[SourceTitle "playchess.com"]
[Source "ChessBase"]
[SourceQuality "1"]

1. e4 c5 2. d4 cxd4 3. c3 Nf6 4. e5 Nd5 5. Qxd4 e6 6. f4 Nc6 7. Qe4 f5 8. exf6 Nxf6 9. Qc2 Bc5 10. b4 Bb6 11. Be2 O-O 12. Nh3 d5 13. a4 a5 14. b5 Ne7 15. Ba3 Re8 16. g4 Ng6 17. c4 dxc4 18. Nd2 Nxg4 19. O-O-O Ne3 20. Qe4 Nxd1 21. Rxd1 Qf6 22. Nb1 Qf5 23. Qf3 e5 24. Ng5 Qxf4+ 25. Qxf4 Nxf4 26. Bxc4+ Be6 27. Nxe6 Nxe6 28. Rd6 Rac8 29. Nd2 Be3 30. Kd1 Bxd2 31. Rxe6 Rxc4 32. Rxe8+ Kf7 33. Re7+ Kf6 34. Kxd2 Rxa4 35. Bc5 b6 36. Ba3 Rxa3 37. Rb7 Rb3 38. Rxb6+ Kf5 39. Rb8 a4 40. Kc2 g5 41. b6 Kg4 42. Rb7 h5 43. Rb8 h4 44. Ra8 Rxb6 45. Rxa4+ Kf5 46. h3 Rd6 47. Ra1 e4 48. Rf1+ Ke5 49. Rg1 Kf4 50. Rf1+ Ke3 51. Rg1 Rd5 0-1

[Event "Sardinia World Festival-A 2024"]
[Site "Orosei"]
[Date "2024.05.02"]
[Round "7.46"]
[White "Moreno Latorre, Francisco Jose"]
[Black "Dimitrov, Dejan"]
[Result "0-1"]
[WhiteElo "1899"]
[BlackElo "1998"]
[Annotator "NA RC"]
[PlyCount "120"]
[EventDate "2024.04.26"]
[EventType "swiss"]
[EventCountry "ITA"]
[SourceTitle "playchess.com"]
[Source "ChessBase"]
[SourceQuality "1"]

1. d4 Nf6 2. Bf4 b6 3. f3 c5 4. c3 g6 5. e4 Bg7 6. e5 Nd5 7. Bg5 h6 8. Bc4 Nc7 9. Be3 Nc6 10. Ne2 d6 11. f4 cxd4 12. cxd4 Na5 13. Bd3 e6 14. Nbc3 Bb7 15. O-O O-O 16. Qd2 Nd5 17. Nxd5 Bxd5 18. f5 exf5 19. Bxh6 dxe5 20. Bxg7 Kxg7 21. dxe5 Bc4 22. Rad1 Qxd3 23. Qxd3 Bxd3 24. Rxd3 Rfe8 25. Rd7 Nc6 26. e6 Rxe6 27. Nf4 Re4 28. Rc7 Nd4 29. Nh3 Ne6 30. Rb7 Ra4 31. Re1 Kf6 32. a3 Rd8 33. Re2 Rd1+ 34. Kf2 g5 35. g3 g4 36. Ng1 Nc5 37. Rc7 Ne6 38. Rb7 Nc5 39. Rc7 Nd3+ 40. Kg2 Ne1+ 41. Kf2 Nd3+ 42. Kg2 f4 43. Rc6+ Kf5 44. Rc7 f6 45. Rh7 Rc4 46. h3 Kg6 47. Rh4 f3+ 48. Nxf3 gxf3+ 49. Kxf3 Rxh4 50. gxh4 Kf5 51. Re7 Ne5+ 52. Kg3 Rd3+ 53. Kf2 a5 54. h5 Rxh3 55. Kg2 Rxh5 56. Rb7 Nc4 57. a4 Ne3+ 58. Kf3 Nd5 59. Rd7 Ke5 60. Kg4 Rg5+ 0-1

[Event "Sardinia World Festival-A 2024"]
[Site "Orosei"]
[Date "2024.05.02"]
[Round "7.47"]
[White "Benoit, Hugues"]
[Black "Botez, Alexandra"]
[Result "0-1"]
[WhiteElo "1935"]
[BlackElo "1970"]
[Annotator "NA RC"]
[PlyCount "70"]
[EventDate "2024.04.26"]
[EventType "swiss"]
[EventCountry "ITA"]
[SourceTitle "playchess.com"]
[Source "ChessBase"]
[SourceQuality "1"]

1. e4 e6 2. d4 d5 3. e5 c5 4. c3 Nc6 5. Nf3 Bd7 6. h4 f6 7. Be2 fxe5 8. dxe5 Qc7 9. Bf4 Nge7 10. h5 O-O-O 11. Ng5 Rg8 12. Nf7 g5 13. Bh2 Nf5 14. Nxd8 Kxd8 15. Nd2 Nxe5 16. Qc2 g4 17. O-O-O c4 18. Kb1 b5 19. Rhe1 Bd6 20. Bxe5 Bxe5 21. g3 Bd6 22. Nf1 Be8 23. Bxg4 Rxg4 24. Rxe6 Qf7 25. Ree1 Bd7 26. Ka1 d4 27. f3 d3 28. Qf2 Nxg3 29. Qxa7 Qxf3 30. Nxg3 Rxg3 31. Rf1 Qc6 32. Rf6 Qc5 33. Qa8+ Kc7 34. Qa5+ Kb7 35. Qd8 Qc7 0-1

[Event "Sardinia World Festival-A 2024"]
[Site "Orosei"]
[Date "2024.05.02"]
[Round "7.48"]
[White "Botez, Andrea"]
[Black "Fontaine, Thomas"]
[Result "1-0"]
[WhiteElo "1879"]
[BlackElo "1648"]
[Annotator "NA RC"]
[PlyCount "34"]
[EventDate "2024.04.26"]
[EventType "swiss"]
[EventCountry "ITA"]
[SourceTitle "playchess.com"]
[Source "ChessBase"]
[SourceQuality "1"]

1. d4 d5 2. Nc3 c5 3. e3 cxd4 4. exd4 Nf6 5. Bf4 Nc6 6. Nb5 e5 7. dxe5 Qe7 8. Nd6+ Kd8 9. Be2 Ne8 10. Qxd5 Nxd6 11. O-O-O Be6 12. Qxd6+ Qxd6 13. exd6 Kd7 14. Nf3 Rc8 15. Bb5 a6 16. Ne5+ Kd8 17. d7 Rb8 1-0

[Event "Sardinia World Festival-A 2024"]
[Site "Orosei"]
[Date "2024.05.03"]
[Round "8.1"]
[White "Parkhov, Yair"]
[Black "Shevchenko, Kirill"]
[Result "1/2-1/2"]
[WhiteElo "2513"]
[BlackElo "2675"]
[Annotator "TA"]
[PlyCount "65"]
[EventDate "2024.04.26"]
[EventType "swiss"]
[EventCountry "ITA"]
[SourceTitle "playchess.com"]
[Source "ChessBase"]
[SourceQuality "1"]

1. d4 Nf6 2. c4 c6 3. Nf3 d5 4. Nc3 dxc4 5. a4 Bf5 6. Ne5 Nbd7 7. Nxc4 Nb6 8. Ne5 a5 9. e3 Nbd7 10. Bd3 Bxd3 11. Nxd3 e6 12. e4 c5 13. Be3 Rc8 14. e5 Nd5 15. Nxd5 exd5 16. O-O cxd4 17. Bxd4 Bc5 18. e6 Bxd4 19. exd7+ Qxd7 20. Nf4 Be5 21. Re1 f6 22. Nxd5 Rc5 23. Qh5+ Kf8 24. Nc3 g6 25. Qh6+ Kf7 26. Rad1 Qc6 27. Qe3 Rc4 28. Nb5 Re8 29. g3 Rc2 30. Qb3+ Kg7 31. Nc3 Rxb2 32. Qxb2 Bxc3 33. Qxc3 1/2-1/2

[Event "Sardinia World Festival-A 2024"]
[Site "Orosei"]
[Date "2024.05.03"]
[Round "8.3"]
[White "Van Foreest, Jorden"]
[Black "Gurel, Ediz"]
[Result "1/2-1/2"]
[WhiteElo "2668"]
[BlackElo "2578"]
[Annotator "TA"]
[PlyCount "111"]
[EventDate "2024.04.26"]
[EventType "swiss"]
[EventCountry "ITA"]
[SourceTitle "playchess.com"]
[Source "ChessBase"]
[SourceQuality "1"]

1. e4 e5 2. Nf3 Nf6 3. Nxe5 d6 4. Nd3 Nxe4 5. Qe2 Qe7 6. Nf4 Nc6 7. Nd5 Nd4 8. Nxe7 Nxe2 9. Nd5 Nd4 10. Na3 Ne6 11. d3 N4c5 12. d4 Nd7 13. Nb5 Kd8 14. Nf4 Nf6 15. Bd3 c6 16. Nxe6+ Bxe6 17. Nc3 Be7 18. Bd2 Kc7 19. a4 a5 20. h4 h5 21. Ne2 Nd5 22. c3 Nb6 23. Nf4 Bb3 24. Ra3 Bc4 25. Bc2 Rae8 26. Kd1 Ba6 27. b3 d5 28. Ra2 Bd6 29. Rh3 Nd7 30. Rg3 g6 31. Rf3 b6 32. Bd3 Bxd3 33. Nxd3 Rhf8 34. Bh6 Rh8 35. Bg5 Rhf8 36. Bh6 Rh8 37. Bg5 Rhf8 38. g3 f6 39. Bh6 Rg8 40. Re2 Re4 41. Bd2 b5 42. Bf4 bxa4 43. bxa4 Bxf4 44. Nxf4 Nb6 45. Ne6+ Kd6 46. Nc5 Rxe2 47. Kxe2 Ke7 48. Re3+ Kf7 49. Kf3 Re8 50. Rxe8 Kxe8 51. Kf4 Kf7 52. f3 Nc4 53. g4 Nb2 54. Ke3 Nc4+ 55. Kf4 Nb2 56. Ke3 1/2-1/2

[Event "Sardinia World Festival-A 2024"]
[Site "Orosei"]
[Date "2024.05.03"]
[Round "8.4"]
[White "Sivuk, Vitaly"]
[Black "Pichot, Alan"]
[Result "0-1"]
[WhiteElo "2551"]
[BlackElo "2644"]
[Annotator "TA"]
[PlyCount "80"]
[EventDate "2024.04.26"]
[EventType "swiss"]
[EventCountry "ITA"]
[SourceTitle "playchess.com"]
[Source "ChessBase"]
[SourceQuality "1"]

1. d4 Nf6 2. c4 e6 3. Nf3 d5 4. Nc3 dxc4 5. e3 a6 6. a4 b6 7. Bxc4 Bb7 8. O-O Bb4 9. Qe2 O-O 10. Rd1 Qe7 11. Ne5 c5 12. Na2 Ba5 13. b3 Nbd7 14. Nxd7 Nxd7 15. Bb2 Qg5 16. f4 Qe7 17. d5 exd5 18. Bxd5 Bxd5 19. Rxd5 Nf6 20. Re5 Qd6 21. Rd1 Qc6 22. Qc2 Rad8 23. Rxd8 Rxd8 24. b4 Bxb4 25. Nxb4 Qd7 26. h3 Qd1+ 27. Kh2 Qxc2 28. Nxc2 Rd2 29. a5 Rxc2 30. Ba3 b5 31. Bxc5 Ra2 32. Bb6 h5 33. Rc5 b4 34. Rc4 Nd5 35. Bd4 Rxa5 36. f5 Rb5 37. e4 Nb6 38. Rc7 b3 39. Rb7 b2 40. Bxb2 Rxb2 0-1

[Event "Sardinia World Festival-A 2024"]
[Site "Orosei"]
[Date "2024.05.03"]
[Round "8.5"]
[White "Lodici, Lorenzo"]
[Black "Murzin, Volodar"]
[Result "1/2-1/2"]
[WhiteElo "2565"]
[BlackElo "2632"]
[Annotator "TA"]
[PlyCount "76"]
[EventDate "2024.04.26"]
[EventType "swiss"]
[EventCountry "ITA"]
[SourceTitle "playchess.com"]
[Source "ChessBase"]
[SourceQuality "1"]

1. e4 c5 2. Nf3 e6 3. d4 cxd4 4. Nxd4 Nc6 5. c4 Nf6 6. Nc3 Bb4 7. Nxc6 bxc6 8. Bd3 e5 9. O-O O-O 10. Be3 d6 11. Na4 Ba5 12. a3 c5 13. Rb1 Rb8 14. Bc2 Qe7 15. Qd3 Bb7 16. f3 Bc6 17. Rfd1 Rfd8 18. Nc3 Ne8 19. Nd5 Bxd5 20. cxd5 g6 21. g4 Nc7 22. Ba4 a6 23. Kg2 Nb5 24. b4 c4 25. Qf1 Bb6 26. Bxb6 Rxb6 27. Bxb5 axb5 28. a4 bxa4 29. Qxc4 Rdb8 30. b5 Qa7 31. Rb4 a3 32. Rdb1 Qa5 33. Qa2 Rxb5 34. Rxb5 Rxb5 35. Rxb5 Qxb5 36. Qxa3 Qe2+ 37. Kg3 Qe1+ 38. Kg2 Qe2+ 1/2-1/2